<?xml version="1.0" encoding="UTF-8"?>
<record
    xmlns:xsi="http://www.w3.org/2001/XMLSchema-instance"
    xsi:schemaLocation="http://www.loc.gov/MARC21/slim http://www.loc.gov/standards/marcxml/schema/MARC21slim.xsd"
    xmlns="http://www.loc.gov/MARC21/slim">

  <leader>01085nam a22001457a 4500</leader>
  <datafield tag="999" ind1=" " ind2=" ">
    <subfield code="c">523648</subfield>
    <subfield code="d">523648</subfield>
  </datafield>
  <controlfield tag="008">230915b           ||||| |||| 00| 0 eng d</controlfield>
  <datafield tag="100" ind1=" " ind2=" ">
    <subfield code="a">Sturm, John  </subfield>
    <subfield code="9">43731</subfield>
  </datafield>
  <datafield tag="245" ind1=" " ind2=" ">
    <subfield code="a">How should sanctions account for bystander countries?</subfield>
  </datafield>
  <datafield tag="260" ind1=" " ind2=" ">
    <subfield code="a">AEA Papers and Proceedings</subfield>
  </datafield>
  <datafield tag="300" ind1=" " ind2=" ">
    <subfield code="a">113, May, 2023: p.39-42</subfield>
  </datafield>
  <datafield tag="520" ind1=" " ind2=" ">
    <subfield code="a">Neutral "bystander countries" have profoundly shaped the impact of trade sanctions imposed on Russia following its invasion of Ukraine. How should sanctions account for the presence of such bystanders? I study this question in a simple trade model where a sanctioning country places tariffs on imports from a sanctioned country in the presence of a neutral third country. Optimal tariffs-as-sanctions are lower on goods that the sanctioner can import from bystanders. On goods that the sanctionee can export to bystanders, tariffs-as-sanctions are higher given an elasticity of (excess) supply to the sanctioner but lower given a total elasticity of supply.- Reproduced </subfield>
  </datafield>
  <datafield tag="773" ind1=" " ind2=" ">
    <subfield code="a">AEA Papers and Proceedings</subfield>
  </datafield>
  <datafield tag="906" ind1=" " ind2=" ">
    <subfield code="a">FINANCIAL SANCTIONS</subfield>
  </datafield>
  <datafield tag="942" ind1=" " ind2=" ">
    <subfield code="c">AR</subfield>
  </datafield>
  <datafield tag="952" ind1=" " ind2=" ">
    <subfield code="0">0</subfield>
    <subfield code="1">0</subfield>
    <subfield code="2">ddc</subfield>
    <subfield code="4">0</subfield>
    <subfield code="7">0</subfield>
    <subfield code="9">398696</subfield>
    <subfield code="a">IIPA</subfield>
    <subfield code="b">IIPA</subfield>
    <subfield code="d">2023-09-15</subfield>
    <subfield code="h">113, May, 2023: p.39-42</subfield>
    <subfield code="p">AR129552</subfield>
    <subfield code="r">2023-09-15</subfield>
    <subfield code="y">AR</subfield>
  </datafield>
  <datafield tag="952" ind1=" " ind2=" ">
    <subfield code="0">0</subfield>
    <subfield code="1">0</subfield>
    <subfield code="2">ddc</subfield>
    <subfield code="4">0</subfield>
    <subfield code="7">0</subfield>
    <subfield code="9">398697</subfield>
    <subfield code="a">IIPA</subfield>
    <subfield code="b">IIPA</subfield>
    <subfield code="d">2023-09-15</subfield>
    <subfield code="h">113, May, 2023: p.39-42</subfield>
    <subfield code="p">AR129553</subfield>
    <subfield code="r">2023-09-15</subfield>
    <subfield code="y">AR</subfield>
  </datafield>
</record>
